[Event "POL-chT DMP Ekstraliga 2019"]
[Site "Katowice"]
[Date "2019.09.04"]
[Round "8.18"]
[White "Cyfka, Karina"]
[Black "Kiolbasa, Oliwia"]
[Result "1-0"]
[WhiteElo "2413"]
[BlackElo "2244"]
[Annotator "TA"]
[PlyCount "103"]
[EventDate "2019.08.28"]
[EventType "team-tourn"]
[EventCountry "POL"]
[SourceTitle "playchess.com"]
[Source "ChessBase"]
[SourceQuality "1"]

{[%evp 9,135,3,22,28,28,25,26,31,45,30,78,54,115,51,100,118,109,61,114,103,106,45,165,112,172,167,167,163,238,246,272,270,253,245,255,250,490,460,494,512,456,476,492,493,487,486,577,267,269,269,272,110,89,52,59,63,95,90,88,94,91,97,95,0,164,175,345,14,233,56,170,8,9,8,8,8,8,8,8,8,31,17,57,60,49,43,64,63,60,64,127,68,165,165,168,166,176,168,137,76,91,67,144,128,293,290,350,343,741,705,687,682,1146,1089,769,1042,1956,1484,29977,29977,29981,29982,29982,29978,29982,29983,29983,29984]} 1. d4 Nf6 2. Nc3 d5 3. Bf4 c6 4. e3 Bf5 $146 (4... Nbd7 5. Bd3 g6 6. h3 Bg7 7. Nf3 O-O 8. O-O b6 9. e4 dxe4 10. Nxe4 Bb7 11. Re1 Nxe4 12. Bxe4 Nf6 13. Bd3 c5 14. dxc5 bxc5 15. Ne5 Qb6 {1-0 (48) Firouzja,A (2682)-Vidit,S (2707) Xingtai 2019}) 5. f3 e6 6. g4 {D00: 1 d4 d5: Unusual lines} Bg6 7. h4 h5 8. g5 {White has an edge.} Ng8 9. Bd3 Ne7 10. Nge2 Nf5 (10... Bxd3 $14 11. Qxd3 (11. cxd3 Nd7 $14) 11... Ng6) 11. Qd2 (11. e4 $16 Nd6 12. O-O) 11... b5 12. e4 $36 {[%mdl 2048] Keeping Black busy.} Nd6 13. exd5 exd5 (13... Bxd3 $14 14. Qxd3 cxd5) 14. Bxg6 $16 fxg6 15. O-O-O (15. a4 $16) 15... Be7 (15... Nc4 $14 16. Qe1 Qe7) 16. Qd3 ({Better is} 16. Bh2 $1 $18) 16... Nf5 (16... O-O $16 {was called for.}) 17. Be5 $1 $18 O-O 18. Nf4 Kh7 (18... Qe8 $142) 19. Bxg7 Rf7 20. Be5 $1 Nd7 21. Nce2 {And now Nxg6! would win.} Nxe5 22. dxe5 Qb8 $2 (22... Rf8 23. Ne6 Qb6 24. Nxf8+ Rxf8) 23. Nxg6 Kxg6 24. Nf4+ $1 Kg7 25. Nxh5+ Kg6 26. Nf4+ Kg7 27. Rde1 (27. Qc3 Kh8 $18) 27... Qg8 28. Qc3 (28. Reg1 $142) 28... d4 29. Qxc6 Rc8 30. Qxb5 (30. Qg6+ $18 Kh8 31. e6) 30... Ng3 $16 31. Ne6+ Kh8 32. Rhg1 ({Reject} 32. Nxd4 Nxh1 33. e6 (33. Rxh1 Rh7 $17) 33... Rh7 $15) 32... Qg6 {[%csl Gc8][%cal Rg6c2]} 33. Nxd4 Bc5 34. Rxg3 {h5! is the strong threat.} Bxd4 {[%csl Gc8][%cal Rg6c2]} 35. Rg2 $1 {[%cal Rg2d2] aiming for Rd2.} Rxf3 36. Qd7 (36. Qb7 $16 Rff8 37. h5 $1 {[%mdl 512]} Be3+ 38. Kb1) 36... Be3+ $2 (36... Bxb2+ $1 $11 37. Kxb2 Qb6+ 38. Kc1 Rd8) 37. Kb1 $18 Rff8 $2 (37... Qc6 38. Qxc6 (38. e6 Qxd7 39. exd7 Rd8 $16) 38... Rxc6) 38. h5 $2 (38. e6 $18 {Black must now prevent e7.} Rfd8 39. Qf7 (39. Rxe3 Qf5 $17) 39... Qxf7 40. exf7) 38... Qg7 $2 (38... Qf5 $1 $11 {and Black is okay.} 39. Qd3 Qf3) 39. Qd3 $2 (39. Qxg7+ $18 Kxg7 40. c3) 39... Qb7 $1 $14 {[%cal Rb7g2] [#]} 40. Rg4 $2 (40. Qxe3 $2 Qxg2 41. Qd3 Qxg5 $19) ({White must play} 40. Qe2 $1 $18) 40... Qf3 $1 $11 {Hoping for ...Rcd8.} 41. Qe4 Qxe4 42. Rxe4 Bxg5 43. e6 Be7 44. c3 Rc6 45. Rd1 a6 46. Rd7 Re8 $1 47. Kc2 Kg7 48. Ra7 Kh6 49. Ra4 $1 Rxe6 (49... Kxh5 $14 50. R4xa6 (50. R7xa6 Rcc8 $14) 50... Rcc8) 50. R7xa6 (50. R4xa6 $16 Rxa6 51. Rxa6+ Kxh5 52. b4) 50... Rxa6 (50... Bf6 $14) 51. Rxa6+ $18 Kxh5 $14 {[%mdl 4096] Endgame KRB-KR} 52. b4 {Played: Ra6-e6} 1-0

[Event "POL-chT DMP Ekstraliga 2019"]
[Site "Katowice"]
[Date "2019.09.04"]
[Round "8.19"]
[White "Tomczak, Jacek"]
[Black "Heberla, Bartlomiej"]
[Result "1-0"]
[WhiteElo "2628"]
[BlackElo "2552"]
[Annotator "TA"]
[PlyCount "67"]
[EventDate "2019.08.28"]
[EventType "team-tourn"]
[EventCountry "POL"]
[SourceTitle "playchess.com"]
[Source "ChessBase"]
[SourceQuality "1"]

{[%evp 9,67,25,41,2,4,-28,13,10,43,37,41,41,74,38,67,43,44,38,39,39,40,30,37,33,37,44,41,-44,-47,-48,66,49,51,94,88,85,96,94,91,73,169,188,181,180,187,189,169,175,156,166,176,131,358,335,339,332,553,579,614,609]} 1. e4 g6 2. d4 Bg7 3. Nc3 c6 4. Be2 d5 5. e5 Nh6 6. h4 {B06: Modern Defence} f6 7. h5 (7. exf6 exf6 8. Bf4 Nf7 9. Qd2 b5 10. Qe3+ Qe7 11. Qg3 Nd7 12. h5 g5 13. Bd2 O-O {1-0 (28) Pogosian,V (2124)-Battaglini,G (2460) Jerusalem 2015}) 7... g5 8. f4 {The position is equal.} g4 $146 ({Predecessor:} 8... Nf5 9. fxg5 fxe5 10. h6 Bf8 11. Bh5+ Kd7 12. Qg4 Kc7 13. dxe5 Nxh6 {1-0 (37) Diaz Begonte,M (1778)-Castiglioni,N (1651) Courmayeur 2011}) 9. Bd3 O-O 10. Nge2 f5 11. Na4 b6 12. b3 e6 13. Ba3 Rf7 14. Qd2 Bf8 15. Bxf8 Qxf8 16. c4 dxc4 17. bxc4 Bb7 18. d5 (18. c5 $14) 18... cxd5 $15 19. Nd4 Qe7 ({Black should play} 19... Qe8 $15 20. Nb2 Nd7 21. cxd5 Bxd5) 20. Nc3 $1 $36 {[%mdl 2048] White is more active.} Nc6 21. Nxc6 Bxc6 22. cxd5 Bxd5 23. Nxd5 exd5 24. Rc1 Rff8 (24... g3 $16) 25. Rc6 $18 Kg7 {[#]} 26. Qc3 $1 {Threatens to win with Rc7!} d4 27. Qxd4 {And now Qc3 would win.} Rac8 28. Rxc8 Rxc8 29. Kf2 Rd8 30. Qc3 Qc5+ $2 {[#]} (30... Rd5 $16) 31. Qxc5 bxc5 32. Ke3 Ng8 $2 (32... g3) 33. Bxf5 Ne7 34. h6+ {Accuracy: White = 55%, Black = 42%.} 1-0

[Event "POL-chT DMP Ekstraliga 2019"]
[Site "Katowice"]
[Date "2019.09.04"]
[Round "8.20"]
[White "Maksimenko, Andrei"]
[Black "Czarnota, Pawel"]
[Result "1/2-1/2"]
[WhiteElo "2468"]
[BlackElo "2532"]
[Annotator "TA"]
[PlyCount "24"]
[EventDate "2019.08.28"]
[EventType "team-tourn"]
[EventCountry "POL"]
[SourceTitle "playchess.com"]
[Source "ChessBase"]
[SourceQuality "1"]

{[%evp 15,24,-4,-1,-3,-2,-36,19,28,19,19,47]} 1. d4 Nf6 2. Bf4 g6 3. e3 Bg7 4. Nf3 d6 5. c4 O-O 6. Nc3 Nbd7 7. h3 b6 8. Be2 Bb7 9. Qc2 {[#] E61: King's Indian: Early deviations for White, including Smyslov System} (9. O-O Ne4 10. Nxe4 Bxe4 11. Nd2 Bb7 12. Bf3 Qc8 13. Bh2 c5 14. Bxb7 Qxb7 15. Nf3 Rfc8 16. Qe2 Nf6 17. d5 b5 18. b3 bxc4 19. bxc4 {0-1 (65) Zierk,S (2510)-Henriquez Villagra,C (2504) chess.com INT 2019}) 9... e5 $1 {[%mdl 512]} 10. dxe5 dxe5 $146 (10... Nxe5 $15 11. Bxe5 dxe5) ({Predecessor:} 10... Nxe5 11. Nxe5 dxe5 12. Bxe5 Bxg2 13. Rg1 Bb7 14. Nb5 Ne8 15. Bxg7 Nxg7 16. c5 bxc5 17. Qxc5 {½-½ (37) Tica,S (2188)-Arapovic,V (2350) Sarajevo 2016}) 11. Bh2 Qe7 12. O-O a6 1/2-1/2

[Event "POL-chT DMP Ekstraliga 2019"]
[Site "Katowice"]
[Date "2019.09.04"]
[Round "8.21"]
[White "Olszewski, Michal"]
[Black "Piesik, Piotr"]
[Result "1-0"]
[WhiteElo "2522"]
[BlackElo "2409"]
[Annotator "TA"]
[PlyCount "83"]
[EventDate "2019.08.28"]
[EventType "team-tourn"]
[EventCountry "POL"]
[SourceTitle "playchess.com"]
[Source "ChessBase"]
[SourceQuality "1"]

{[%evp 19,83,13,23,6,30,-24,-12,-17,0,-93,-72,-70,-41,-36,0,0,0,0,0,-62,-24,-22,-19,-33,51,46,239,233,320,311,314,310,304,311,324,310,328,331,329,323,323,323,328,329,312,304,333,326,520,329,662,657,1064,1060,1038,1042,1010,902,991,929,4594,3155,987,765,29977,29978]} 1. e4 e6 2. d4 d5 3. Nc3 Bb4 4. exd5 exd5 5. Bd3 Nc6 6. a3 Bxc3+ 7. bxc3 Nge7 8. Qf3 Be6 9. Ne2 Qd7 10. O-O O-O-O 11. Rb1 {C01: French: Exchange Variation} (11. Re1 h5 12. h3 f6 13. Nf4 Bf7 14. Bb5 a6 15. Rxe7 Qxe7 16. Bxc6 bxc6 17. Nd3 Bg6 18. Nc5 Qe1+ {½-½ (71) Ferreira,J (2413)-Berg,E (2554) Caldas da Rainha 2014}) 11... Bf5 12. Bf4 (12. Ng3 $142 Bxd3 13. cxd3 (13. Qxd3 h5 $11)) 12... Bxd3 13. cxd3 {The position is equal.} f6 14. c4 $146 (14. Ng3 $11) ({Predecessor:} 14. Rfe1 g5 15. Bd2 Rdf8 16. Ng3 h5 17. Qd1 h4 18. Nf1 {1-0 (39) Needham,T (2245)-Giulian Jackson,R (2095) Bath 1987}) 14... g5 15. Bg3 f5 {aiming for ...f4.} 16. Be5 $1 {[%cal Re5h8]} Nxe5 17. dxe5 g4 18. Qe3 d4 19. Qd2 (19. Qg5 $11) 19... Ng6 20. Qa5 Kb8 $1 21. Rb4 {Strongly threatening Rfb1.} b6 (21... Nxe5 $15 22. Qxe5 (22. Rfb1 b6 $15) 22... Rhe8) 22. c5 $1 $40 {[%cal Rc5b6][%mdl 128] Black needs to defend precisely.} Qc6 $2 (22... Ne7 $14) 23. cxb6 $18 axb6 24. Rfb1 {[%cal Rb4b6] Rxb6+! is the strong threat.} Kb7 {And now ...Rd5 would win.} 25. Nxd4 Rxd4 26. Rxd4 Ra8 27. Qd5 Qxd5 28. Rxd5 {[%mdl 4096] Endgame KRR-KRN} Kc6 {[#]} 29. Rd4 $1 Nxe5 30. Rc1+ Kb7 31. Rd5 Nc6 32. Rd7 ({Don't do} 32. Rxf5 Rxa3 33. Rh5 Rxd3 $18) 32... Rxa3 33. d4 (33. Rxh7 b5 $16) 33... Ka6 (33... Rd3 $142 34. d5 (34. Rxh7 b5 $16) 34... Nb4) 34. h3 Nb8 $2 (34... Nb4 35. Rcxc7 Ra1+ 36. Kh2 Rf1 37. hxg4 fxg4) 35. Rdxc7 gxh3 36. Rc8 Kb7 37. R1c7+ Ka8 38. Rxh7 Ra1+ 39. Kh2 hxg2 40. Kxg2 Ra7 41. Rcc7 {[%csl Gh7][%cal Rc7a7]} Ra5 {[#]} 42. d5 $1 {Accuracy: White = 75%, Black = 32%.} 1-0

[Event "POL-chT DMP Ekstraliga 2019"]
[Site "Katowice"]
[Date "2019.09.04"]
[Round "8.22"]
[White "Simantsev, Mikhail"]
[Black "Warakomski, Tomasz"]
[Result "1/2-1/2"]
[WhiteElo "2346"]
[BlackElo "2497"]
[Annotator "TA"]
[PlyCount "97"]
[EventDate "2019.08.28"]
[EventType "team-tourn"]
[EventCountry "POL"]
[SourceTitle "playchess.com"]
[Source "ChessBase"]
[SourceQuality "1"]

{[%evp 9,97,52,55,57,70,50,104,102,95,87,92,81,80,72,93,59,60,65,143,143,148,143,144,145,141,121,147,111,112,105,133,117,156,149,171,116,152,131,130,116,136,70,135,100,137,115,111,77,116,89,96,83,109,41,51,47,42,0,0,0,16,0,0,0,0,0,0,0,38,38,50,16,37,53,46,21,90,0,0,0,0,0,0,0,0,0,0,0,0,0]} 1. d4 d6 2. Nf3 Bg4 3. c4 Nd7 4. Nc3 e5 5. g3 Be7 (5... Ngf6 6. Bg2 c6 7. h3 Bxf3 8. Bxf3 Be7 9. e4 O-O 10. Be3 Qb8 11. O-O b5 12. cxb5 cxb5 13. Rc1 {1-0 (66) Wojtaszek,R (2713)-Krasenkow,M (2640) Warsaw 2014}) 6. Bg2 {A41: 1 d4 d6: Tartakower System and Modern Defence} c6 7. d5 c5 (7... cxd5 $14 8. Nxd5 (8. Qxd5 Ngf6 $11) 8... Ngf6) 8. h3 {White is better.} Bh5 9. e4 a6 10. g4 $146 ({Predecessor:} 10. O-O Qc7 11. Qd3 Ngf6 12. Nh4 O-O-O {½-½ (32) Keene,R (2465)-Shaw,T (2355) Jakarta 1979}) 10... Bg6 11. h4 {[#] aiming for h5.} h6 12. h5 Bh7 13. Qe2 Bg5 (13... Rb8 $14) 14. Nxg5 $16 hxg5 15. Be3 $36 {[%mdl 2048] Keeping Black busy.} Nh6 16. f3 f6 17. Bf1 Bg8 18. a3 Bf7 19. b4 b6 20. Qd2 O-O 21. Bd3 Qc7 22. O-O (22. Kf2 $18) 22... Rfb8 23. Rab1 Be8 24. Rb2 Nf7 25. Rfb1 (25. b5 $16) 25... Qc8 (25... cxb4 $14 26. axb4 a5) 26. Qf2 Nh6 27. Qe2 Nf7 28. Bc2 b5 29. Bd3 {[%cal Rc4b5]} cxb4 30. Rxb4 Nb6 31. R4b3 ({White should try} 31. cxb5 $16 a5 32. Rc4 (32. R4b3 a4 $15) 32... Nxc4 33. Bxc4) 31... Nxc4 $14 32. Bxc4 bxc4 33. Rb6 Rxb6 34. Rxb6 Rb8 35. Qb2 Rxb6 36. Qxb6 Bd7 37. Kf2 Kh7 38. Ke1 Bxg4 39. fxg4 Qxg4 40. Qxa6 Qg3+ 41. Kd2 Qg2+ 42. Kc1 Qf1+ (42... Qf3 $1 $11 43. Bd2 Qf1+ 44. Nd1 g4) 43. Kb2 (43. Nd1 $16) 43... Qg2+ $11 {The position is equal.} 44. Kb1 Qh1+ 45. Bc1 g4 $1 46. Qc8 {[#] Hoping for Qf5+.} g3 47. Qf5+ Kg8 48. Qc8+ Kh7 49. Qf5+ {Accuracy: White = 42%, Black = 57%.} 1/2-1/2

[Event "POL-chT DMP Ekstraliga 2019"]
[Site "Katowice"]
[Date "2019.09.04"]
[Round "8.23"]
[White "Kantans, Toms"]
[Black "Szustakowski, Antoni"]
[Result "1/2-1/2"]
[WhiteElo "2490"]
[BlackElo "2256"]
[Annotator "TA"]
[PlyCount "99"]
[EventDate "2019.08.28"]
[EventType "team-tourn"]
[EventCountry "POL"]
[SourceTitle "playchess.com"]
[Source "ChessBase"]
[SourceQuality "1"]

{[%evp 10,99,21,16,22,22,17,20,31,3,0,0,8,0,0,-6,-14,-10,-1,-11,7,0,48,-16,-17,-28,30,21,45,37,78,81,143,150,155,167,151,149,171,164,268,267,267,266,258,261,902,258,263,254,416,406,649,635,590,236,243,243,231,230,422,406,731,747,650,699,430,8,18,0,0,-20,-4,-4,-4,-4,-3,-3,0,0,0,0,0,0,0,0,0,0,0,0,0,0]} 1. e4 e6 2. d4 d5 3. Nd2 c5 4. exd5 Qxd5 5. Ngf3 cxd4 6. Bc4 Qd7 {C07: French Tarrasch: 3...c5, 4 Ngf3 and 4 exd5 Qxd5} 7. O-O Nc6 8. Nb3 {[%cal Rb3d4]} Nf6 9. Qe2 {[%mdl 1024] White has compensation.} a6 10. a4 Bd6 11. Bg5 O-O 12. Rad1 $146 ({Predecessor:} 12. Bxf6 gxf6 13. Nbxd4 Nxd4 14. Nxd4 Bxh2+ 15. Kxh2 Qxd4 {1-0 (53) Adams,M (2724)-Fridman,D (2660) Caleta 2012}) 12... e5 13. Bxf6 gxf6 14. c3 $1 Qe7 15. cxd4 exd4 16. Qd2 (16. Qc2 $14) 16... Ne5 $11 17. Bd5 Nxf3+ ({Better is} 17... Rd8 18. Qh6 Nxf3+ 19. Bxf3 Be5) 18. Bxf3 Qe5 {[%csl Gd6][%cal Re5h2]} 19. g3 Rd8 20. Rfe1 Qg5 ({Black should play} 20... Qf5 21. Be4 (21. Nxd4 Qg5 $14) 21... Qh5) 21. Qxd4 $16 {Threatens to win with Qb6.} Be6 22. Qb6 $1 (22. Bxb7 $6 Rab8 $14) 22... Be7 23. Qxb7 Bf8 24. Nd4 $1 {Black must now prevent h4.} Bd5 (24... Bg4 $142) 25. Bxd5 $18 Qxd5 26. Nc6 $1 Qxd1 27. Rxd1 Rxd1+ 28. Kg2 Re8 29. Qxa6 Re6 $2 (29... Rd2 {keeps fighting.} 30. Qc4 Rxb2 31. Qg4+ Kh8) 30. Qc4 f5 (30... Ra1 $142 31. a5 Rxc6 {[%mdl 64] Remove Defender} 32. Qxc6 Rxa5 33. Qxf6 Rb5) 31. b4 {[%cal Bb2b4,Bb4b5][%mdl 32]} Rd2 32. Qf4 (32. a5 $142) 32... Bh6 {[#]} 33. Qf3 $1 Be3 {[#]} 34. b5 $1 {And now a5 would win.} f4 $2 (34... Bxf2 {might work better.} 35. Qxf2 (35. Qxf5 Bb6+ 36. Kh3 Rh6+ 37. Kg4 Rg6+ 38. Kh3 Rh6+ 39. Kg4 Rg6+ 40. Kh3 Rh6+ $11) 35... Ree2 36. Qxe2 (36. Ne7+ $2 Kf8 $19) 36... Rxe2+ 37. Kf3 Rb2) 35. gxf4 {f5 is the strong threat.} Bxf2 (35... Kf8 $142 36. a5 Bxf2) 36. Qxf2 Ree2 37. Qxe2 $1 ({Don't blunder} 37. Ne7+ $2 Kf8 $19) 37... Rxe2+ {[%mdl 4096] Endgame KR-KN} 38. Kg3 $2 ({Only move:} 38. Kf3 $18 Rb2 39. Ke4) 38... Rb2 $11 {The position is equal.} 39. h4 f5 40. Ne7+ Kf8 41. Nxf5 Rb4 42. Kf3 Rxa4 43. Ke3 $1 Rb4 44. Nd4 Kf7 45. Ke4 Kf6 46. Kd5 Rb1 47. Kc5 Rc1+ 48. Kd5 {Black should prevent b6.} Rb1 49. Kc5 Rc1+ 50. Kd5 {Accuracy: White = 67%, Black = 47%.} 1/2-1/2

[Event "POL-chT DMP Ekstraliga 2019"]
[Site "Katowice"]
[Date "2019.09.04"]
[Round "8.24"]
[White "Antolak, Julia"]
[Black "Warakomska, Anna"]
[Result "1/2-1/2"]
[WhiteElo "2240"]
[BlackElo "2241"]
[Annotator "NA"]
[PlyCount "48"]
[EventDate "2019.08.28"]
[EventType "team-tourn"]
[EventCountry "POL"]
[SourceTitle "playchess.com"]
[Source "ChessBase"]
[SourceQuality "1"]
[TimeControl "40/5400+30:1800+30"]

1. e4 {[%emt 0:00:00]} c6 {[%emt 0:00:00]} 2. d4 {[%emt 0:00:00]} d5 {[%emt 0:00:00]} 3. Nc3 {[%emt 0:00:00]} dxe4 {[%emt 0:00:00]} 4. Nxe4 {[%emt 0:00:00]} Nf6 {[%emt 0:00:27]} 5. Nxf6+ {[%emt 0:00:18]} exf6 {[%emt 0:00:06]} 6. c3 {[%emt 0:00:06]} Bd6 {[%emt 0:00:06]} 7. Bd3 {[%emt 0:00:07]} O-O {[%emt 0:00:07]} 8. Qc2 {[%emt 0:00:11]} Re8+ {[%emt 0:00:05]} 9. Ne2 {[%emt 0:00:04]} h5 {[%emt 0:00:15]} 10. O-O {[%emt 0:02:13]} h4 {[%emt 0:00:28]} 11. Nf4 {[%emt 0:02:29]} Nd7 {[%emt 0:05:31]} 12. Qd1 {[%emt 0:01:39]} Nf8 {[%emt 0:15:45]} 13. Qh5 {[%emt 0:02:30]} Qc7 {[%emt 0:09:09]} 14. g3 {[%emt 0:04:20]} Bd7 {[%emt 0:32:26]} 15. Bd2 {[%emt 0:20:44]} Qc8 {[%emt 0:02:05]} 16. Rfe1 {[%emt 0:19:42]} Rxe1+ {[%emt 0:00:49]} 17. Rxe1 {[%emt 0:00:23]} Bg4 {[%emt 0:00:29]} 18. Qxh4 {[%emt 0:03:10]} Bxf4 {[%emt 0:15:06]} 19. gxf4 {[%emt 0:03:32]} Bf5 {[%emt 0:00:27]} 20. Bc4 {[%emt 0:02:45]} Qd7 {[%emt 0:01:29]} 21. Qg3 {[%emt 0:01:59]} Re8 {[%emt 0:01:36]} 22. Rxe8 {[%emt 0:02:13]} Qxe8 {[%emt 0:00:04]} 23. Qe3 {[%emt 0:01:02]} Qd7 {[%emt 0:00:17]} 24. f3 {[%emt 0:02:30]} Ng6 {[%emt 0:01:33]} 1/2-1/2

[Event "POL-chT DMP Ekstraliga 2019"]
[Site "Katowice"]
[Date "2019.09.04"]
[Round "8.25"]
[White "Matuszewski, Michal"]
[Black "Kuzmicz, Krystian"]
[Result "1-0"]
[WhiteElo "2518"]
[BlackElo "2461"]
[Annotator "TA"]
[PlyCount "95"]
[EventDate "2019.08.28"]
[EventType "team-tourn"]
[EventCountry "POL"]
[SourceTitle "playchess.com"]
[Source "ChessBase"]
[SourceQuality "1"]

{[%evp 9,95,2,12,0,40,2,4,-6,14,-37,-41,-25,-24,-76,-35,-96,-39,-37,30,-27,0,0,16,20,17,17,17,16,38,38,38,38,38,38,47,22,25,23,32,18,20,17,47,21,42,12,18,11,13,15,24,16,35,43,74,60,194,195,162,118,106,0,0,0,0,0,58,59,96,94,100,94,231,208,316,264,402,409,408,389,618,601,769,643,926,948,992,914]} 1. d4 g6 2. c4 Bg7 3. e4 e6 4. Nc3 Ne7 5. h4 d5 $1 6. Nf3 {A40: Unusual replies to 1 d4} h6 7. Bf4 dxe4 $1 8. Nxe4 {The position is equal.} Nbc6 9. Qd2 $146 ({Better is} 9. Qa4 $11) ({Predecessor:} 9. Be5 Nxe5 10. dxe5 Qxd1+ 11. Rxd1 Nc6 12. Nc5 Nxe5 13. Nxe5 Bxe5 {0-1 (47) Markzon,G (2114)-Shimanov,A (2626) Middleton 2018}) 9... Nxd4 $15 10. O-O-O {[%cal Rf3d4]} Nec6 $1 11. Nc3 (11. Nxd4 $11 {keeps the balance.} Nxd4 12. Nc3) 11... Nxf3 12. Qxd8+ Nxd8 13. Nb5 $1 {[%cal Rb5c7]} Nd4 ({Black should play} 13... e5 $15 14. Nxc7+ {[%mdl 64] Double Attack} Ke7 15. Nxa8 exf4 16. gxf3 Be5) 14. Nxd4 (14. Nxc7+ $142 Kd7 15. Nxa8) 14... c6 15. Nf3 c5 16. Ne5 Nc6 17. Nxc6 bxc6 18. Be3 Rb8 19. Rd2 {[#]} Bd4 $1 {[%mdl 512]} 20. Bxd4 cxd4 21. Rxd4 c5 22. Rd2 Bb7 23. Rh3 Ke7 24. Ra3 a6 25. Ra5 Rhc8 26. g3 Rc7 27. Be2 g5 28. hxg5 hxg5 29. a3 f5 30. Kc2 Be4+ 31. Kc3 Rb6 32. b4 f4 (32... Rbc6 $14) 33. gxf4 $18 ({Don't take} 33. bxc5 Rb1 $16) 33... gxf4 34. bxc5 Rb1 35. Rd4 (35. Rxa6 $16 Rc1+ 36. Kb2 Rb1+ 37. Ka2) 35... Rc1+ $11 36. Kd2 Rc2+ 37. Kd1 Bh7 (37... Bf5 $11) 38. Rxa6 $14 {Hoping for Bg4.} f3 39. Bxf3 {aiming for Bg4.} Rxf2 40. Bg4 Bg8 {[#]} (40... Bf5 $16) 41. c6 $1 $18 {[%cal Bc5c6,Bc6c7][%mdl 32]} Rf8 (41... Ra2 $142 42. c5 Bf7) 42. c5 Bf7 (42... Rfc8 {might work better.} 43. Bf3 Bf7) 43. Rb6 Kf6 44. Rd7 Rcc8 (44... Rfc8 $142 45. Rb7 Rxc6 46. Rxf7+ Kg5 47. Rg7+ Kh6 48. Rh7+ Kg5 49. Rbg7+ Kf4) 45. c7 {White is clearly winning.} Rh8 46. Kd2 Ra8 {[#]} 47. a4 $1 Rh2+ (47... Rxa4 48. Rb8) 48. Kc3 {Accuracy: White = 63%, Black = 30%.} 1-0

[Event "POL-chT DMP Ekstraliga 2019"]
[Site "Katowice"]
[Date "2019.09.04"]
[Round "8.26"]
[White "Brodowski, Piotr"]
[Black "Leniart, Arkadiusz"]
[Result "0-1"]
[WhiteElo "2430"]
[BlackElo "2488"]
[Annotator "TA"]
[PlyCount "100"]
[EventDate "2019.08.28"]
[EventType "team-tourn"]
[EventCountry "POL"]
[SourceTitle "playchess.com"]
[Source "ChessBase"]
[SourceQuality "1"]

{[%evp 9,100,-4,0,-13,0,0,10,14,13,4,11,-14,30,29,20,0,40,6,34,20,25,0,0,0,-12,0,0,0,27,25,30,32,27,29,35,23,22,21,54,52,55,56,57,36,41,0,0,0,0,0,0,0,25,0,0,0,0,0,0,0,0,0,0,0,0,0,0,-27,-4,-4,0,0,-36,-367,-367,-281,-234,-2425,-2127,-3684,-2947,-2739,-2196,-29971,-29970,-29975,-29976,-29975,-29977,-29977,-29978,-29978,-29978]} 1. Nf3 Nf6 2. c4 e6 3. g3 d5 4. Bg2 dxc4 5. Qc2 a6 6. a4 {A13: English Opening: 1...e6} (6. Qxc4 b5 7. Qc2 Bb7 8. d3 Be7 9. O-O c5 10. Bg5 O-O 11. a4 Nbd7 12. Nbd2 h6 13. Bxf6 Nxf6 {½-½ (34) Nisipeanu,L (2687)-Lenic,L (2640) Austria 2017}) 6... Nc6 7. Qxc4 Qd5 8. Na3 $146 {[%cal Bb1a3,Ba3c2,Bc2d4][%mdl 32] The position is equal.} ({Predecessor:} 8. Qc2 Nb4 9. Qd1 Be7 10. O-O O-O 11. d3 c5 12. Nbd2 Qd8 13. a5 Bd7 {1-0 (59) Kohlweyer,B (2405)-Sonntag,H (2406) Germany 2007}) 8... b5 9. Qxd5 exd5 10. d3 b4 11. Nc2 Na5 12. Bf4 Nb3 13. Rb1 Bd7 14. Nd2 Nxd2 $1 15. Kxd2 b3 16. Nd4 Bb4+ 17. Kc1 c5 18. Nxb3 Bxa4 19. Na1 O-O 20. Nc2 Bxc2 $1 21. Kxc2 Rfe8 22. Bf3 a5 23. Rhc1 c4 24. dxc4 dxc4 25. Rd1 Rac8 26. Be3 h5 27. Bd4 Ng4 28. h3 Nh2 29. Be3 {And now Bd5 would win.} Nxf3 30. exf3 Rcd8 31. h4 f6 32. Rbc1 Kf7 33. Rxd8 Rxd8 $11 {[%mdl 4096] Endgame KRB-KRB} 34. Kb1 Rc8 35. b3 Ba3 36. Rxc4 Rxc4 37. bxc4 {KB-KB} a4 38. Kc2 (38. Ka2 $5 {[%cal Ra2a3]} Bb4 39. Kb1 $11) 38... Ke6 39. Kc3 Kd6 40. g4 g6 $1 41. Bd4 $2 {[%mdl 8192] [#]} (41. f4 $1 $15 hxg4 42. f5 gxf5 43. c5+ $1 {[%mdl 512]} Kd5 44. h5) 41... f5 $1 $19 42. gxf5 gxf5 43. Bg7 $2 {[#]} (43. Bf6 Ke6 44. Bd8) 43... Ke6 $1 44. Bh6 Be7 45. Bf4 Bxh4 46. Kb4 Bxf2 {Black mates.} 47. Kxa4 h4 48. Kb5 Bg3 49. Be3 h3 50. Bg1 h2 {Accuracy: White = 42%, Black = 70%.} 0-1